[Event "Elitserien Allsvenskan 2017-18"]
[Site "Lund"]
[Date "2017.10.20"]
[Round "1"]
[White "Jogstad, Martin"]
[Black "Namini, Armin"]
[Result "0-1"]
[WhiteElo "2283"]
[BlackElo "2180"]
[Annotator "TA"]
[PlyCount "80"]
[EventDate "2017.??.??"]
[EventCountry "SWE"]
[SourceTitle "playchess.com"]
[Source "ChessBase"]
[SourceQuality "1"]

{[%evp 19,80,6,18,0,2,-22,0,-16,-21,-10,0,0,0,10,12,-70,-105,-92,-110,-94,-66,-178,-170,-147,-154,-490,-441,-752,-748,-958,-860,-905,-647,-1213,-1210,-1139,-809,-1828,-1680,-1859,-1689,-29991,-29992,-29992,-10,-13,-14,-12,-12,-2386,-2036,-29987,-29988,-29988,-29989,-29992,-29993,-29993,-29994,-29994,-29992,-29992,-29993]} 1. d4 Nf6 2. c4 g6 3. Nc3 Bg7 4. e4 d6 5. Be2 O-O 6. Nf3 e5 7. d5 Na6 8. Be3 Ng4 {E92: King's Indian: Classical: 6 Be2 e5: 7 dxe5, 7 Be3 and Petrosian System without 7...Nbd7} 9. Bg5 f6 10. Bd2 (10. Bh4 h5 11. Nd2 c5 12. a3 Qd7 13. h3 Nh6 14. Qa4 Qe7 15. b4 Nf7 16. g4 hxg4 17. hxg4 Bh6 18. Qb3 {0-1 (79) Ponomariov,R (2744)-Jobava,B (2707) Kharkov 2010}) 10... f5 {LiveBook: 8 Games. Hoping for ...Nxf2!The position is equal.} 11. exf5 gxf5 12. h3 $146 ({Predecessor:} 12. Ng5 Nf6 13. f4 Qe7 14. O-O Bd7 15. Kh1 h6 16. Nh3 {½-½ (30) Martin,A (2386)-Barnes,M (2200) England 2014}) 12... Nf6 13. g4 Nc5 {[%cal Ba6c5,Bc5e4,Be4d2][%mdl 32]} 14. Qc2 Nfe4 15. Nxe4 Nxe4 16. Be3 $1 c6 17. Nd2 (17. O-O-O $11) 17... Nxd2 $1 $15 18. Bxd2 cxd5 19. cxd5 Bd7 20. Rg1 (20. Rc1 $15) 20... Rc8 $36 {[%mdl 2048] Black has strong initiative.} 21. Bc3 Qh4 22. Bd3 $2 (22. gxf5 $17 {is a better chance.} Bxf5 23. Qd2) 22... fxg4 23. O-O-O (23. Rg3 $142) 23... Rxf2 24. Qb3 gxh3 {[%cal Bg4h3,Bh3h2][%mdl 32]} 25. Qxb7 Rf7 26. Qa6 h2 27. Rh1 Qg3 {aiming for ...e4!} 28. Kb1 {[#]} Rxc3 $1 29. bxc3 {[#]} e4 $1 {[%mdl 512]} 30. Bxe4 Qxc3 {[%csl Gg7][%cal Rc3b2]} 31. Bxh7+ Kf8 $2 (31... Kh8 {mates} 32. Rd2 Qxd2 33. Bc2 Bf5 34. Rxh2+ Qxh2 35. Qc8+ Bxc8 36. a4 Rf1+ 37. Ka2 Qxc2+ 38. Ka3 Qb2#) 32. Qxd6+ $11 Ke8 {[%csl Gg7][%cal Rc3b2]} 33. Qb8+ $1 Bc8 34. Rde1+ $2 {[%mdl 8192]} (34. Bg6 $11) 34... Kd8 $19 {( -> ...Qa1+)} 35. Qd6+ Rd7 {[%csl Gg7][%cal Rc3b2] Black mates.} 36. Re8+ Kxe8 {[%csl Gg7][%cal Rc3b2]} 37. Qg6+ Kd8 {[%csl Gg7][%cal Rc3b2]} 38. Qg5+ Re7 {[%csl Gg7][%cal Rc3b2]} 39. Rxh2 Qa1+ 40. Kc2 Qb2+ {Precision: White = 28%, Black = 68%.} 0-1

[Event "Elitserien Allsvenskan 2017-18"]
[Site "Lund"]
[Date "2017.10.20"]
[Round "1"]
[White "Agrest, Inna"]
[Black "Hedman, Erik"]
[Result "1-0"]
[WhiteElo "2271"]
[BlackElo "2366"]
[Annotator "NA RC"]
[PlyCount "67"]
[EventDate "2017.??.??"]
[EventCountry "SWE"]
[SourceTitle "playchess.com"]
[Source "ChessBase"]
[SourceQuality "1"]
[TimeControl "40/5400+30:1800+30"]

{[%evp 13,62,12,37,29,34,32767,32767,47,27,26,20,26,34,32767,0,0,9,0,0,32767,0,-9,-22,0,14,-62,-52,32767,-117,-96,-129,-112,-150,32767,32767,-177,-196,-225,32767,32767,32767,-298,32767,-397,-339,-568,-359,32767,-360,32767,-362]} 1. e4 {[%emt 0:00:00]} c5 {[%emt 0:00:13]} 2. Nf3 {[%emt 0:00:00]} Nc6 {[%emt 0:01:00]} 3. d4 {[%emt 0:00:00]} cxd4 {[%emt 0:00:10]} 4. Nxd4 {[%emt 0:00:00]} Nf6 {[%emt 0:00:02]} 5. Nc3 {[%emt 0:00:00]} d6 {[%emt 0:00:06]} 6. Bg5 {[%emt 0:00:43]} e6 {[%emt 0:00:31]} 7. Qd2 {[%emt 0:02:02]} a6 {[%emt 0:00:46]} 8. O-O-O {[%emt 0:06:41]} Bd7 {[%emt 0:00:36]} 9. f3 {[%emt 0:05:22]} Be7 {[%emt 0:03:19]} 10. h4 {[%emt 0:00:20]} h6 {[%emt 0:01:26] B67: Sicilian: Richter-Rauzer: 7...a6 8 0-0-0 Bd7, lines without 9 f4 Be7} 11. Be3 {[%emt 0:00:12]} h5 {[%emt 0:00:05]} 12. Bg5 {[%emt 0:02:24]} Qc7 {[%emt 0:01:45]} 13. Kb1 {[%emt 0:06:09]} Nxd4 {[%emt 0:00:34]} 14. Qxd4 {[%emt 0:00:09]} b5 {[%emt 0:00:03] LiveBook: 7 Games} 15. Qd2 {[%emt 0:14:38] [#]} Rb8 $146 {[%emt 0:25:04]} ({Predecessor:} 15... b4 16. Ne2 a5 17. Ng3 Bc6 18. Qe1 {0-1 (32) Pikula,D (2562)-Lupulescu,C (2599) Novi Sad 2009}) 16. Bd3 {[%emt 0:09:42]} a5 {[%emt 0:08:00]} 17. Rhe1 {[%emt 0:05:56]} b4 {[%emt 0:04:51]} 18. Ne2 {[%emt 0:00:08]} e5 {[%emt 0:00:10]} 19. f4 {[%emt 0:05:45]} (19. Ng3 $11) 19... Bg4 {[%emt 0:11:39]} 20. f5 {[%emt 0:04:18]} O-O {[%emt 0:03:06]} 21. Rc1 {[%emt 0:06:44]} d5 {[%emt 0:01:55]} 22. Ng3 {[%emt 0:04:38]} Rfd8 {[%emt 0:08:41]} 23. exd5 {[%emt 0:06:20]} Nxd5 {[%emt 0:03:18]} 24. Bxe7 {[%emt 0:04:36]} Qxe7 {[%emt 0:00:09]} ({Inferior is} 24... Nxe7 {[#]} 25. f6 $1 $11 {[%mdl 512]}) 25. Qf2 {[%emt 0:01:06]} Qxh4 {[%emt 0:05:26]} 26. Rxe5 {[%emt 0:02:51]} Qf6 {[%emt 0:00:34]} 27. Rce1 $2 {[%emt 0:01:07]} (27. Ree1 $17) 27... a4 {[%emt 0:01:13]} 28. Nf1 {[%emt 0:04:59]} a3 {[%emt 0:03:23]} 29. Qg3 $2 {[%emt 0:01:15]} (29. Nh2 {keeps fighting.} axb2 30. Nxg4 hxg4 31. Kxb2) 29... Qb6 {[%emt 0:09:13]} 30. Nd2 {[%emt 0:03:46]} Qd4 {[%emt 0:01:16]} 31. Nc4 {[%emt 0:00:13]} axb2 $19 {[%emt 0:00:55]} 32. Rxd5 {[%emt 0:03:04]} Qxd5 {[%emt 0:00:02]} 33. Qf2 {[%emt 0:00:33]} Qd4 {[%emt 0:04:02]} 34. Re8+ {[%emt 0:00:23]} 1-0

[Event "Elitserien Allsvenskan 2017-18"]
[Site "Lund"]
[Date "2017.10.20"]
[Round "1"]
[White "Pantzar, Milton"]
[Black "Glimbrant, Torbjorn"]
[Result "0-1"]
[WhiteElo "2229"]
[BlackElo "2268"]
[Annotator "TA"]
[PlyCount "34"]
[EventDate "2017.??.??"]
[EventCountry "SWE"]
[SourceTitle "playchess.com"]
[Source "ChessBase"]
[SourceQuality "1"]

{[%evp 19,34,0,0,0,0,-24,-22,-37,-11,-50,-51,-53,-56,-387,-388,-373,-363]} 1. d4 d5 2. c4 c6 3. Nc3 Nf6 4. e3 e6 5. Nf3 Nbd7 {[%cal Bb8d7,Bd7e5,Be5g4][%mdl 32]} 6. Qc2 Bd6 7. b3 O-O 8. Be2 e5 9. cxd5 cxd5 10. dxe5 Nxe5 11. O-O {D45: Semi-Slav: 5 e3} Bg4 12. Nd4 Rc8 {White must now prevent ...Ne4!} 13. Bb2 {[#]The position is equal.} Ne4 $1 {[%mdl 512]} 14. Rac1 (14. Nxe4 Rxc2) 14... Bb4 {...Bxc3 is the strong threat.} 15. Bxg4 Nxg4 16. Qd3 $146 {[%mdl 8192]} (16. Qe2 $15 Bxc3 17. Bxc3 Nxh2 18. Kxh2 Nxc3 19. Qg4) ({Predecessor:} 16. Qe2 Ngxf2 17. Nxe4 Nxe4 18. Rxc8 Qxc8 19. Nf5 f6 20. Qb5 Qc5 21. Qxb7 Rf7 22. Qa8+ Rf8 23. Qb7 Rf7 24. Qa8+ Rf8 25. Qb7 Rf7 {½-½ (25) Korsunsky,Y (2419)-Moen,A (2377) Eilat 2012}) 16... Bxc3 $19 17. Bxc3 Ne5 0-1

[Event "Elitserien Allsvenskan 2017-18"]
[Site "Lund"]
[Date "2017.10.20"]
[Round "1"]
[White "Grandell, Anders"]
[Black "Larsson, Anders"]
[Result "1-0"]
[WhiteElo "2224"]
[BlackElo "2258"]
[Annotator "TA"]
[PlyCount "61"]
[EventDate "2017.??.??"]
[EventCountry "SWE"]
[SourceTitle "playchess.com"]
[Source "ChessBase"]
[SourceQuality "1"]

{[%evp 32,61,43,43,41,41,53,43,41,49,90,84,169,162,225,226,220,110,97,0,45,45,47,44,42,20,483,473,583,583,1761,1750]} 1. d4 e6 2. c4 d5 3. Nc3 Be7 4. Nf3 Nf6 5. Bg5 O-O 6. e3 c6 7. Rc1 Nbd7 8. Be2 dxc4 9. Bxc4 Nd5 10. Bxe7 Qxe7 11. O-O Nxc3 12. Rxc3 e5 13. dxe5 Nxe5 14. Nxe5 Qxe5 15. f4 Qe4 16. Qe2 Bf5 17. Bd3 {LiveBook: 9 Games. D69: Queen's Gambit Declined: Classical Main Line with 9...Nd5 and 12...e5 13 dxe5} Qe6 18. e4 {[%cal Be3e4,Be4e5][%mdl 32]} Rfe8 {[%cal Rf5e4]} 19. Re1 $1 {[#] White is slightly better.} Qf6 $146 ({Predecessor:} 19... Qd6 20. Qf2 Be6 21. e5 Qb4 22. f5 Bxa2 23. Re4 Qb6 24. Re3 Rad8 {0-1 (33) Spangenberg,H (2490)-Ricardi,P (2545) Trelew 1995}) 20. Qf2 Be6 21. e5 Qe7 (21... Qh6 $16) 22. f5 $1 $18 {[%cal Bf4f5,Bf5f6][%mdl 32]} Bd5 (22... Bxa2 $142 23. f6 Qd8) 23. f6 $1 {[%cal Rf6e7]} Qb4 24. Qg3 (24. a3 $1 $18 Qb6 25. Rc5) 24... g6 $16 {[#]} 25. Re2 ({Better is} 25. h4 $1 $16) 25... Rad8 26. a3 $36 {[%mdl 2048] White is pushing.} Qd4+ 27. Kh1 Re6 28. Qg5 {Qh6 is the strong threat.} Kh8 $2 {[%mdl 8192]} (28... Kf8 $1 $11 {and Black has nothing to worry.}) 29. Qh6 $18 {[%csl Gf6][%cal Rh6g7] White is clearly winning.} Rg8 {[#]} 30. Bc2 $1 Qg4 {[#]} 31. Rh3 $1 {[%mdl 512] Precision: White = 73%, Black = 35%.} 1-0

[Event "Elitserien Allsvenskan 2017-18"]
[Site "Lund"]
[Date "2017.10.21"]
[Round "2"]
[White "Grandelius, Nils"]
[Black "Berg, Emanuel"]
[Result "1-0"]
[WhiteElo "2653"]
[BlackElo "2551"]
[Annotator "TA"]
[PlyCount "81"]
[EventDate "2017.??.??"]
[EventCountry "SWE"]
[SourceTitle "playchess.com"]
[Source "ChessBase"]
[SourceQuality "1"]

{[%evp 12,81,58,51,65,61,66,63,58,65,77,49,64,66,90,82,106,118,109,111,106,104,186,185,297,290,281,221,306,280,267,308,343,311,312,256,280,237,311,311,303,264,236,231,267,261,490,478,534,524,494,496,468,484,735,730,669,543,653,592,651,625,658,665,649,611,827,753,875,875,1272,1249]} 1. d4 Nf6 2. c4 e6 3. Nf3 b6 4. a3 Ba6 5. e3 c5 6. Nc3 {E12: Queen's Indian: Unusual White 4th moves, 4 a3, 4 Nc3 Bb7 5 a3 and 4 Nc3 Bb7} (6. Bd3 g6 7. e4 cxd4 8. e5 Ng8 9. Nxd4 Nc6 10. Nf3 Bg7 11. Qe2 d6 12. Bg5 Nge7 13. exd6 Qxd6 {0-1 (62) Zatonskih,A (2471)-Mkrtchian,L (2465) Germany 2014}) 6... cxd4 7. exd4 {LiveBook: 3 Games} d6 8. d5 {White is slightly better.} e5 9. Bd3 Be7 10. O-O O-O 11. b4 $146 ({Predecessor:} 11. Qe2 Nbd7 12. Nd2 Re8 13. b4 Bf8 {0-1 (43) Murzin,L (2230)-Lorincz,I (2370) Budapest 1996}) 11... Nbd7 12. a4 $36 {[%mdl 2048] White has the initiative.} Rc8 13. Nd2 e4 14. Be2 $1 Ne5 15. Nb5 Qd7 16. Bb2 Ne8 {[#]} (16... Rfe8 $16 {was necessary.}) 17. Qb3 $1 $18 (17. Nxe4 $6 Nxc4 18. Bd4 Bxb5 $14) 17... f5 {[#]} (17... Nf6 {was worth a try.} 18. Nd4 Bd8) 18. Bxe5 $1 dxe5 {[#]} 19. c5 $1 {[%mdl 512] And now c6 would win.} Bg5 (19... bxc5 20. d6+) 20. d6+ Kh8 21. Nc4 Qf7 22. Rfd1 (22. cxb6 Bxb5 23. axb5 Nxd6 $16) 22... Nf6 23. d7 Nxd7 24. Nbd6 ({Inferior is} 24. Nxa7 Nxc5 25. bxc5 Qxa7 $15) 24... Qe7 25. Nxc8 Bxc8 26. Nd6 bxc5 27. Qd5 Nf6 28. Qxc5 Bd7 $2 (28... e3 {might work better.} 29. fxe3 (29. Nxc8 Qxc5 30. bxc5 exf2+ 31. Kxf2 Rxc8 $14) 29... Be6) 29. Qxa7 {White is clearly winning.} f4 {[#]} 30. Nxe4 $1 {[%mdl 512]} Nxe4 31. Rxd7 Qf6 32. Qa6 Qf5 (32... Bh4 $142 33. Qxf6 Bxf2+ 34. Kf1 Nxf6) 33. Qd3 Qe6 34. Rb7 {[%cal Bd7b7,Bb7b5,Bb5c5,Bc5e5][%mdl 32]} Nf6 35. Rd1 Qc8 36. Rb5 Re8 37. Rc5 Qe6 38. Qd6 Qf5 39. Bd3 Qg4 40. f3 Qh4 41. Rxe5 {Precision: White = 97%, Black = 34%.} 1-0

[Event "Elitserien Allsvenskan 2017-18"]
[Site "Lund"]
[Date "2017.10.21"]
[Round "2"]
[White "Hammer, Jon Ludvig"]
[Black "Brynell, Stellan"]
[Result "1-0"]
[WhiteElo "2632"]
[BlackElo "2415"]
[Annotator "TA"]
[PlyCount "38"]
[EventDate "2017.??.??"]
[EventCountry "SWE"]
[SourceTitle "playchess.com"]
[Source "ChessBase"]
[SourceQuality "1"]

{[%evp 24,29,40,40,54,43,57,37]} 1. d4 d5 2. c4 dxc4 3. e4 e5 4. Nf3 exd4 5. Bxc4 Nc6 6. O-O Be6 7. Bxe6 fxe6 8. Qb3 Qd7 9. Qxb7 Rb8 10. Qa6 Nf6 11. Nbd2 Bd6 {D20: Queen's Gambit Accepted: 3 e3 and 3 e4} (11... Bb4 12. Qd3 Bxd2 13. Bxd2 Rxb2 14. Rac1 O-O 15. Rc5 Rfb8 16. Rfc1 R8b6 17. h3 h6 18. a4 Ne8 19. Bc3 R2b3 {1-0 (48) Wojtaszek,R (2746)-Socko,B (2604) Czech Republic 2016}) 12. b3 O-O 13. Ba3 {LiveBook: 3 Games. White is slightly better.} Bxa3 14. Qxa3 Qd6 15. Qa6 {[#]} {Predecessor:} Rb6 $146 16. Qc4 Rb4 17. Qd3 Ng4 18. Rac1 Nce5 19. Nxe5 Nxe5 {1-0 (39) Svane,R (2552)-Sprenger,J (2513) Germany 2017} 1-0

[Event "Elitserien Allsvenskan 2017-18"]
[Site "Lund"]
[Date "2017.10.21"]
[Round "2"]
[White "Agrest, Evgenij"]
[Black "Pantsulaia, Levan"]
[Result "0-1"]
[WhiteElo "2600"]
[BlackElo "2586"]
[Annotator "TA"]
[PlyCount "96"]
[EventDate "2017.??.??"]
[EventCountry "SWE"]
[SourceTitle "playchess.com"]
[Source "ChessBase"]
[SourceQuality "1"]

{[%evp 18,96,17,27,27,-26,0,0,26,3,15,0,0,0,-12,-61,-54,-42,0,0,0,0,0,0,0,18,57,0,43,-54,-68,-228,-7,-246,-250,-591,-229,-796,-284,-298,-272,-435,0,0,0,0,-4,-70,84,84,370,-62,-63,-63,-64,-87,-88,-88,-88,-87,-85,-88,-78,-88,-83,-77,-70,-72,-64,-185,-179,-179,-179,-179,-179,-285,-283,-504,-476,-800,-800]} 1. d4 Nf6 2. Bf4 d5 3. e3 c5 4. Nc3 cxd4 5. exd4 a6 6. Nf3 {B13: Caro-Kann (Abtausch-Variante 4.c4)} Bg4 7. h3 Bxf3 8. Qxf3 Nc6 9. O-O-O e6 10. g4 {[%cal Bg2g4,Bg4g5][%mdl 32] LiveBook: 14 Partien} Bd6 11. Be3 ({Besser ist} 11. h4) 11... Rc8 $146 ({Vorgänger:} 11... Qa5) 12. g5 Ng8 13. Kb1 (13. h4 {is interesting.} Nge7 14. h5 Qc7 15. Kb1 Qa5 16. Bf4) 13... Nge7 14. Ne2 Qc7 15. c3 b5 16. Nc1 O-O 17. h4 b4 (17... Nf5 $15 18. Bd3 b4 19. Bxf5 exf5) 18. c4 $1 $11 {[%cal Rc4c5]} dxc4 19. Bxc4 Nf5 {Weiss muss nun ...Scxd4 beachten.} 20. Bxa6 Ra8 21. Bd3 b3 22. Nxb3 (22. Bxf5 $2 bxa2+ 23. Nxa2 exf5 $19) 22... Nb4 23. Nc1 (23. a3 $14 Nxd3 24. Rxd3) 23... Rfb8 $15 24. Be4 $2 {[#]} (24. Qe2 $1 $15) 24... Ra5 $2 (24... Ra3 $3 $19 {[%mdl 512]} 25. Qe2 (25. bxa3 $2 Nxa2+ 26. Bb7 Nc3+ 27. Kc2 Ne4+ 28. Kd3 Qxb7 $19) 25... Nxe3 26. fxe3 Qa5) 25. Qe2 $2 (25. Bd2 $1 $11) 25... Qa7 $1 $19 26. Bxf5 $2 (26. Qc4 {nur so!} Nxa2 27. Bxf5 (27. Nxa2 $2 Ra4 $19)) 26... Nxa2 $2 (26... Rxa2 {( -> ...Ta1#)} 27. Nxa2 Qxa2+ 28. Kc1 exf5) 27. d5 $2 (27. Qc4 Nb4 28. Bxh7+ Kxh7 29. Nb3) 27... Qa8 $2 (27... Nc3+ 28. Kc2 Rxb2+ 29. Kxb2 Na4+ 30. Kc2 Qc7+ 31. Kb1 Qb8+ 32. Kc2 Rc5+ $1 {[%mdl 512]} 33. Qc4 Rxc4+ 34. Kd2 exf5) 28. Bxh7+ Kxh7 29. Bd4 (29. Qc2+ $142 Kg8 30. Qc6 Nc3+ 31. Qxc3 Ra1+ 32. Kc2) 29... Nb4 $2 (29... Nxc1 $19 30. Kxc1 Bf4+ 31. Kc2 Qxd5 32. Qd3+ Kg8) 30. b3 $1 $11 {Droht Dh5+ und aus.} (30. Nb3 $2 Qxd5 31. Rh3 (31. Nxa5 $2 Qa2+ 32. Kc1 Rc8+ 33. Kd2 Rc2+ 34. Ke3 Rxe2+ 35. Kxe2 Qxa5 $19) 31... Rba8 $1 $19 {[%mdl 512]}) 30... Qxd5 {Und weiter mit ...Df5+ wäre nett.} ({Ein No Go ist} 30... Rxd5 $6 31. g6+ Kg8 32. Rhg1 $16 (32. gxf7+ Kxf7 33. Rhg1 Bf8 $16)) 31. Rhe1 Bf4 $40 {[%mdl 128] Droht stark ...Lxc1. Schwarz hat was vor.} 32. Bc3 (32. Qe4+ $11 Qxe4+ 33. Rxe4) 32... Qc5 $2 (32... Qf5+ $15 33. Qe4 Bxc1 34. Rxc1 Ra3 35. Bxb4 Rxb3+ 36. Kc2 R8xb4 37. Qxf5+ exf5) 33. Qe4+ $16 Qf5 $2 {[%mdl 8192] [#]} (33... g6 $16 34. Qxf4 Qxc3 35. Qxf7+ Kh8 36. Qf6+ Qxf6 37. gxf6 Nd5) 34. Bxb4 $2 (34. Rd4 $1 $18) 34... Rxb4 $15 35. Qxf5+ Rxf5 36. Nd3 Rxb3+ 37. Kc2 Rb7 38. Rb1 Rc7+ 39. Kd1 Rc3 40. Ke2 Rc2+ 41. Kf1 Bg3 {[%cal Rg3f2]} 42. Re2 Rc3 43. Ke1 (43. g6+ $1 $15 Kh6 44. Rd1) 43... Rxd3 $19 44. fxg3 Rxg3 {...Tg1+ ist eine echte Drohung.} 45. Rb4 Kg6 46. Rf2 (46. Ree4 {ist wohl besser.}) 46... Kh5 47. Rff4 $2 (47. Rb7 {kämpft weiter.} Kxh4 48. Rxf7) 47... Rg2 48. Rfc4 (48. Ra4 $142 Rh2 49. Rfb4) 48... Rh2 {Precision: Weiß = 35%, Schwarz = 53%.} 0-1

[Event "Elitserien Allsvenskan 2017-18"]
[Site "Lund"]
[Date "2017.10.21"]
[Round "2"]
[White "Goganov, Aleksey"]
[Black "Jobava, Baadur"]
[Result "0-1"]
[WhiteElo "2571"]
[BlackElo "2705"]
[Annotator "TA"]
[PlyCount "66"]
[EventDate "2017.??.??"]
[EventCountry "SWE"]
[SourceTitle "playchess.com"]
[Source "ChessBase"]
[SourceQuality "1"]

{[%evp 10,66,39,35,33,23,43,56,49,54,61,49,50,55,85,87,72,65,63,70,75,53,50,48,36,42,46,42,56,57,53,52,61,0,0,-10,35,41,38,37,56,62,51,27,31,29,29,-33,-35,-48,-41,-60,0,-47,-40,-138,-132,-919,-910]} 1. d4 Nf6 2. c4 c6 3. Nc3 d5 4. e3 {[%cal Be2e3,Be3e4][%mdl 32]} g6 5. Nf3 Bg7 6. Be2 Nbd7 {D94: Grünfeld: 4 Nf3 Bg7 5 e3} (6... O-O 7. O-O a6 8. h3 b5 9. b3 Bb7 10. Bb2 Nbd7 11. Rc1 Rc8 12. Qd3 dxc4 13. bxc4 b4 14. Na4 c5 15. a3 a5 16. axb4 axb4 17. dxc5 {½-½ (60) Navara,D (2737)-Ivanchuk,V (2738) Prague 2017}) 7. cxd5 Nxd5 8. e4 $146 ({Predecessor:} 8. Nxd5 cxd5 9. O-O O-O 10. Qb3 e6 11. Bd2 Re8 12. Rfc1 Bf8 13. Ne5 Nxe5 14. dxe5 a6 15. Rc2 Bg7 16. Bc3 Qc7 17. Bd4 Qb8 18. f4 {½-½ (47) Wagner,H-Hilse,W Frankfurt 1923}) 8... Nc7 {[%cal Bd5c7,Bc7e6,Be6f4][%mdl 32] White is slightly better.} 9. O-O O-O 10. Bg5 Nb6 11. h3 f5 12. exf5 Bxf5 13. Qd2 Ne6 {[%cal Re6d4]} 14. Be3 $1 {aiming for g4.} Nd5 15. Bh6 Bxh6 16. Qxh6 Qd6 17. Bc4 Qf4 18. Qxf4 Nexf4 19. Rfe1 e6 20. Ne5 Rad8 21. g4 (21. Bb3 $14) 21... Bc2 $11 22. Rac1 Nxc3 23. bxc3 {[%cal Bb2c3,Bc3c4][%mdl 32]} ({Don't play} 23. Rxc2 Nb5 $15) 23... Ba4 24. Bf1 Bb5 25. c4 Ba4 26. Re4 Kg7 27. f3 g5 28. Kf2 {[#]} (28. Rb1 $11) 28... c5 $1 $15 {[%mdl 512]} 29. dxc5 Rd2+ 30. Kg3 Rxa2 ({Better is} 30... Bd1 $15 31. Rb1 h5 32. Rxb7+ Kg8) 31. Rb1 Bc6 32. Rd4 {[#]} (32. Nxc6 $15 bxc6 33. h4) 32... h5 $1 $17 {[%csl Gg5][%cal Rh5h4]} 33. h4 $2 {[%mdl 8192]} (33. gxh5 $17 Nxh5+ 34. Kg4) 33... Ng6 {Precision: White = 35%, Black = 68%.} 0-1

[Event "Elitserien Allsvenskan 2017-18"]
[Site "Lund"]
[Date "2017.10.21"]
[Round "2"]
[White "Andersson, Ulf"]
[Black "Sagit, Rauan"]
[Result "1/2-1/2"]
[WhiteElo "2523"]
[BlackElo "2413"]
[Annotator "TA"]
[PlyCount "69"]
[EventDate "2017.??.??"]
[EventCountry "SWE"]
[SourceTitle "playchess.com"]
[Source "ChessBase"]
[SourceQuality "1"]

{[%evp 12,69,35,37,33,44,37,37,57,54,48,54,46,52,41,27,44,22,23,25,31,29,14,14,29,14,16,14,14,12,20,0,9,0,2,8,8,0,0,0,0,0,0,0,0,-7,0,0,0,0,0,0,0,0,0,0,0,0,0,0]} 1. Nf3 f5 2. d4 Nf6 3. g3 g6 4. Bg2 Bg7 5. c4 O-O 6. Nc3 Nc6 7. O-O {LiveBook: 10 Games} Ne4 {A10: English Opening: Unusual Replies for Black} (7... d6 8. Rb1 e5 9. dxe5 dxe5 10. Qb3 h6 11. Rd1 Qe8 12. Nd5 Qf7 13. Be3 Rb8 14. Bxa7 Nxa7 15. Nxe5 Qe8 16. Nxg6 {½-½ (40) Tikkanen,H (2548)-Semcesen,D (2488) Stockholm 2014}) 8. Nxe4 fxe4 9. Ne5 Nxe5 $146 {White is slightly better.} ({Predecessor:} 9... Nxd4 10. Qxd4 d6 11. Qd5+ e6 12. Qxe4 Bxe5 13. Rb1 Rb8 14. c5 Bd7 15. cxd6 cxd6 {1-0 (56) Johannsson,I (2400)-Christoph,M (2300) Ribe 1973}) 10. dxe5 c6 11. Bf4 e3 12. Bxe3 Bxe5 13. Bd4 d6 14. Bxe5 dxe5 15. Qb3 Qb6 16. Qc2 Qc5 17. b3 a5 18. Rad1 Be6 {The position is equal.} 19. Qb2 Rad8 {[#] White must now prevent ...Rxd1.} 20. Rxd8 Rxd8 21. h4 Bg4 22. Bf3 Bxf3 (22... Bh3 {keeps more tension.} 23. Bg2 Bg4) 23. exf3 $11 {[%mdl 4096] Endgame KQR-KQR} Rd3 24. Re1 Rxf3 25. Rxe5 Rxf2 $1 26. Rxc5 Rxb2 27. Rxa5 {KR-KR} Kf7 28. Ra7 c5 29. Rxb7 Rxa2 30. Rb5 Rb2 31. Rxc5 Rxb3 32. Kg2 Rc3 33. h5 gxh5 34. Rxh5 Rxc4 35. Rxh7+ {Precision: White = 67%, Black = 53%.} 1/2-1/2

[Event "Elitserien Allsvenskan 2017-18"]
[Site "Lund"]
[Date "2017.10.21"]
[Round "2"]
[White "Tikkanen, Hans"]
[Black "Burwick, Malte"]
[Result "1-0"]
[WhiteElo "2516"]
[BlackElo "2236"]
[Annotator "TA"]
[PlyCount "89"]
[EventDate "2017.??.??"]
[EventCountry "SWE"]
[SourceTitle "playchess.com"]
[Source "ChessBase"]
[SourceQuality "1"]

{[%evp 15,89,16,25,3,40,30,39,61,94,91,115,108,104,95,120,126,175,166,187,161,184,177,201,190,210,200,247,247,243,211,266,127,316,207,260,277,274,265,247,222,278,277,275,278,272,260,256,242,291,310,294,269,269,269,269,276,307,269,269,269,269,269,832,775,852,818,891,877,1195,1143,1223,979,1687,1621,1474,1376]} 1. d4 Nf6 2. Nf3 g6 3. e3 Bg7 4. c4 O-O 5. Be2 d6 6. Nc3 Nbd7 7. O-O e5 8. Qc2 c6 {LiveBook: 8 Games} 9. b4 {[%cal Bb2b4,Bb4b5][%mdl 32] E61: King's Indian: Early deviations for White, including Smyslov System} (9. Rd1 Qc7 10. b3 Re8 11. Ba3 exd4 12. Nxd4 Nc5 13. Bf3 Bg4 14. Rac1 Rad8 15. h3 Bxf3 16. Nxf3 a5 17. Bxc5 dxc5 18. Rxd8 Rxd8 {1-0 (72) Ernst,S (2535)-Van Foreest,J (2578) Utrecht 2016}) 9... Qe7 10. b5 $146 ({Predecessor:} 10. a4 e4 11. Nd2 Re8 12. Ba3 Nf8 13. b5 Bf5 14. Nb3 h5 15. Rab1 Ne6 16. bxc6 bxc6 17. d5 {½-½ (17) Jeute,P (1993)-Bilek,R (1993) Prague 2008}) 10... c5 11. dxe5 {White is slightly better.} dxe5 12. e4 h6 13. Bb2 Re8 14. Rfd1 Kh7 15. a4 {[%cal Ba2a4,Ba4a5][%mdl 32]} Rb8 16. a5 Qf8 17. Rd2 Re7 18. Rad1 Qe8 19. Nd5 Nxd5 20. cxd5 {[%cal Bc4d5,Bd5d6][%mdl 32]} (20. exd5 $6 e4 $16) 20... Qd8 21. d6 Re8 22. Bc4 {[%cal Be2c4,Bc4e6,Be6f5][%mdl 32]} f6 23. Bc3 (23. Bf7 $18) 23... Rf8 $2 (23... Nf8 $16 {is a better defense.} 24. Bf7 Bd7) 24. h4 Qe8 25. h5 g5 26. Qb3 Qxh5 27. Be6 Kh8 28. g4 Qg6 29. Bf5 Qf7 30. Qxf7 Rxf7 31. Ne1 {[%cal Bf3e1,Be1c2,Bc2e3,Be3d5,Bd5e7,Be7c6][%mdl 32]} b6 {[#] intending ...bxa5.} 32. a6 $1 Rf8 33. Nc2 Rd8 34. Ne3 Kg8 {[#]} 35. Nd5 $1 {[%cal Rd5e7]} Kf7 36. Ne7 Nf8 37. Nc6 ({Weaker is} 37. Bxc8 Rbxc8 38. Nxc8 Rxc8 $14) 37... Bxf5 38. exf5 ({Don't play} 38. gxf5 Nd7 $18) 38... Ra8 $2 (38... Nd7 39. Kg2 (39. Nxa7 Rh8 $18) 39... Ra8 40. Nxd8+ Rxd8) 39. d7 $18 {White is clearly winning.} Bh8 40. f3 Bg7 41. Rd6 Bh8 42. Kf2 Bg7 43. Ke2 Bh8 44. Nxd8+ Rxd8 45. Rc6 {Precision: White = 67%, Black = 21%.} 1-0